[Event "At the Circus - 1400-1800"]
[Site "SchemingMind.com"]
[Date "2006.12.19"]
[Round "-"]
[White "Jack Gardner"]
[Black "knightrider"]
[Result "1/2-1/2"]
[WhiteCountry "USA"]
[BlackCountry "USA"]
[WhiteElo "1688"]
[WhiteRD "74"]
[BlackElo "1481"]
[BlackRD "59"]
[GameID "82752"]

1. e4 c5 2. Nf3 Nc6 3. d4 cxd4 4. Nxd4 e5 5. Nxc6 bxc6 6. Nc3 Nf6 7. Bc4 Bb4 8. Qf3 d5 9. exd5 cxd5 10. Bb5+ Bd7
11. Bxd7+ Qxd7 12. O-O O-O 13. a3 Bd6 14. Nxd5 e4 15. Nxf6+ gxf6 16. Qxe4 Kh8 17. Be3 Be5 18. Rad1 Qe6 19. c3 f5 20. Qa4 Rg8
21. Bd4 Bxd4 22. Qxd4+ Rg7 23. Rd3 f6 24. Re3 Qf7 25. Rfe1 Rag8 26. Rg3 Rg4 27. Qe3 f4 28. Qd3 fxg3 29. fxg3 Re8 30. Rd1 Reg8
31. b4 Qh5 32. c4 f5 33. c5 f4 34. Qd4+ R8g7 35. h3 Rxg3 36. Qd8+ Rg8 37. Qf6+ R3g7 38. Rd8 Rxd8 39. Qxd8+ Rg8 40. Qf6+ Rg7
41. Qf8+ Rg8 42. Qf6+= Rg7 43. Qf8+ Rg8 44. Qf6+=
1/2-1/2

[Event "At the Circus - 1400-1800"]
[Site "SchemingMind.com"]
[Date "2006.12.19"]
[Round "-"]
[White "knightrider"]
[Black "Jack Gardner"]
[Result "1-0"]
[WhiteCountry "USA"]
[BlackCountry "USA"]
[WhiteElo "1481"]
[WhiteRD "59"]
[BlackElo "1688"]
[BlackRD "74"]
[GameID "82753"]

1. e4 e6 2. d4 d5 3. Nc3 Nf6 4. e5 Nfd7 5. f4 c5 6. dxc5 Bxc5 7. Qg4 O-O 8. Bd3 Bxg1 9. Rxg1 f5 10. Qg3 a6
11. Be3 Nc6 12. Ne2 b5 13. c3 Nb6 14. b3 b4 15. cxb4 Nxb4 16. Bb1 a5 17. a3 Nc6 18. Bd3 Ba6 19. Bc5 Rf7 20. a4 Bxd3
21. Qxd3 Nd7 22. Bd6 Nb4 23. Bxb4 axb4 24. Nd4 Qb6 25. Rc1 Nc5 26. Qe3 Rc7 27. Kd2 Ne4+ 28. Ke2 Nc3+ 29. Kf2 Kf7 30. g4 Re8
31. gxf5 Ne4+ 32. Kf3 Rc3 33. Rxc3 bxc3 34. fxe6+ Kf8 35. Nf5 Qxe3+ 36. Nxe3 Rxe6 37. Nxd5 Nd2+ 38. Ke3 Nxb3 39. Nxc3 g5 40. Rxg5
1-0

[Event "At the Circus - 1400-1800"]
[Site "SchemingMind.com"]
[Date "2006.12.19"]
[Round "-"]
[White "erikbrynolfson"]
[Black "Jack Gardner"]
[Result "1-0"]
[WhiteCountry "USA"]
[BlackCountry "USA"]
[WhiteElo "1683"]
[WhiteRD "64"]
[BlackElo "1706"]
[BlackRD "70"]
[GameID "82760"]

1. c4 e5 2. Nc3 Nf6 3. g3 Nc6 4. Bg2 Be7 5. d3 O-O 6. Nf3 d5 7. cxd5 Nxd5 8. O-O Be6 9. Bd2 Qd7 10. e4 Nxc3
11. Bxc3 Nd4 12. Nxe5 Qd6 13. Nf3 Nxf3+ 14. Qxf3 Qd7 15. a3 Bh3 16. d4 Bxg2 17. Kxg2 c6 18. Rad1 Rfe8 19. d5 Rad8 20. dxc6 Qxc6
21. Qg4 f6 22. Rfe1 Bxa3 23. Rxd8 Rxd8 24. Bxf6 Qxf6 25. bxa3 Rd2 26. Qc8+ Kf7 27. Qxb7+
1-0

[Event "At the Circus - 1400-1800"]
[Site "SchemingMind.com"]
[Date "2006.12.19"]
[Round "-"]
[White "erikbrynolfson"]
[Black "knightrider"]
[Result "1-0"]
[WhiteCountry "USA"]
[BlackCountry "USA"]
[WhiteElo "1695"]
[WhiteRD "60"]
[BlackElo "1481"]
[BlackRD "59"]
[GameID "82761"]

1. b3 e5 2. Bb2 Nc6 3. e3 d5 4. Bb5 a6 5. Bxc6+ bxc6 6. Bxe5 Qg5 7. Bg3 Qf6 8. Nc3 Bd6 9. Bxd6 Qxd6 10. f4 Nf6
11. Nf3 O-O 12. O-O Bf5 13. Kh1 c5 14. Ne5 h6 15. g4 Be4+ 16. Nxe4 dxe4 17. Rg1 Nd7 18. Nxd7 Qxd7 19. g5 hxg5 20. Rxg5 f6
21. Rg3 Qf7 22. Qg4 a5 23. Rag1 f5 24. Qxg7+ Qxg7 25. Rxg7+ Kh8 26. Rxc7 Rac8 27. Rgg7 Rxc7 28. Rxc7 Rd8 29. Rxc5 Rxd2 30. Rxa5
1-0

[Event "At the Circus - 1400-1800"]
[Site "SchemingMind.com"]
[Date "2006.12.19"]
[Round "-"]
[White "Jack Gardner"]
[Black "erikbrynolfson"]
[Result "0-1"]
[WhiteCountry "USA"]
[BlackCountry "USA"]
[WhiteElo "1706"]
[WhiteRD "70"]
[BlackElo "1683"]
[BlackRD "64"]
[GameID "82762"]

1. e4 e6 2. d4 d5 3. Nc3 c5 4. Nf3 Nc6 5. Bb5 Bd7 6. Bxc6 Bxc6 7. e5 Qb6 8. O-O Ne7 9. dxc5 Qxc5 10. Bg5 Nf5
11. Ne2 Be7 12. Bxe7 Qxe7 13. Ned4 Nxd4 14. Nxd4 O-O 15. Qe2 a6 16. Kh1 f6 17. exf6 Rxf6 18. f4 Qd6 19. Qg4 Raf8 20. Rae1 Rxf4
21. Rxf4 Qxf4 22. Qxe6+ Kh8 23. Nf3 Qc4 24. Ne5 Rf1+
0-1

[Event "At the Circus - 1400-1800"]
[Site "SchemingMind.com"]
[Date "2006.12.19"]
[Round "-"]
[White "knightrider"]
[Black "erikbrynolfson"]
[Result "0-1"]
[WhiteCountry "USA"]
[BlackCountry "USA"]
[WhiteElo "1428"]
[WhiteRD "59"]
[BlackElo "1683"]
[BlackRD "64"]
[GameID "82763"]

1. e4 e6 2. d4 d5 3. Nc3 Bb4 4. e5 c5 5. dxc5 Bxc5 6. Qg4 g6 7. Bb5+ Bd7 8. b4 Bxb5 9. bxc5 Bc4 10. Nge2 Qa5
11. Be3 Bxe2
0-1

[Event "At the Circus - 1400-1800"]
[Site "SchemingMind.com"]
[Date "2006.12.19"]
[Round "-"]
[White "carlospb"]
[Black "Jack Gardner"]
[Result "0-1"]
[WhiteCountry "ARG"]
[BlackCountry "USA"]
[WhiteElo "1555"]
[WhiteRD "78"]
[BlackElo "1711"]
[BlackRD "78"]
[GameID "82764"]

1. e4 e6 2. Nc3 d5 3. Bd3 d4 4. Nce2 e5 5. c3 Nc6 6. Bb5 Bd7 7. cxd4 exd4 8. Nf3 Nf6 9. d3 Bg4 10. Nfxd4 Bd7
11. Nxc6 bxc6 12. Ba4 Rb8 13. Nd4 c5 14. Nc6 Bxc6 15. Bxc6+ Nd7 16. O-O Rb6 17. Qa4 Be7 18. e5 Rb4 19. Bxd7+ Qxd7 20. Qxd7+ Kxd7
21. b3 Ke6 22. f4 Rd8 23. Rd1 Rbd4 24. Bb2 Rxd3 25. Rf1 Kf5 26. Rae1 Rd2 27. Bc3 Rxa2 28. e6 fxe6 29. Re5+ Kg6 30. Rg5+ Bxg5
31. fxg5 Rc2 32. Ba5 Kxg5 33. Bxc7 Rdd2 34. Bf4+ Kg6 35. Bxd2 Rxd2 36. Rc1 Rd3 37. Rxc5 Rxb3 38. Ra5 Rb7 39. Kf2 Kf6 40. g4 e5
41. h4 Ke6 42. Ke3 Kd6 43. Ra6+ Kd5 44. Ra5+ Kd6 45. Ke4 Re7 46. Ra6+ Kc5 47. Ra5+ Kb4 48. Ra1 a5 49. Rb1+ Kc4 50. Rc1+ Kb3
51. Rb1+ Ka2 52. Rb5 a4 53. g5 g6 54. Rb6 a3 55. Rb5 Ka1 56. Rb4 a2 57. Rb8 Rf7 58. Kxe5 Rf2 59. Ke6 Rb2 60. Rf8 Rb3
61. Rf1+ Kb2 62. Rf2+ Ka3 63. Rxa2+ Kxa2 64. Kf7 Rh3 65. Kg7 Rxh4 66. Kf6 Kb3 67. Kg7 Kc4 68. Kf6 Kd5 69. Kg7 Ke5 70. Kf7 Kf5
0-1

[Event "At the Circus - 1400-1800"]
[Site "SchemingMind.com"]
[Date "2006.12.19"]
[Round "-"]
[White "carlospb"]
[Black "knightrider"]
[Result "1/2-1/2"]
[WhiteCountry "ARG"]
[BlackCountry "USA"]
[WhiteElo "1494"]
[WhiteRD "78"]
[BlackElo "1465"]
[BlackRD "59"]
[GameID "82765"]

1. e4 c5 2. g3 Nc6 3. Bg2 Nf6 4. Nf3 Nxe4 5. O-O Nf6 6. Ng5 d5 7. d3 e5 8. c4 Ne7 9. cxd5 Nexd5 10. Qe2 Bd6
11. Nc3 Nxc3 12. bxc3 h6 13. Ne4 Be6 14. Nxf6+ Qxf6 15. Bxb7 Rd8 16. Bc6+ Bd7 17. Bg2 g5 18. d4 O-O 19. dxc5 Bxc5 20. Be3 Bb6
21. Bxb6 axb6 22. Rab1 Bf5 23. Rb5 Bd3 24. Qb2 Bxb5 25. Qxb5 Rd6 26. a4 Rc8 27. c4 Rd4 28. Bd5 e4 29. a5 bxa5 30. Qxa5 e3
31. fxe3 Rxd5 32. Qxd5 Qe7 33. e4 Rd8 34. Qc6 Rd4 35. Qxh6 Rxe4 36. Qc6 g4 37. c5 Kf8 38. Qh6+ Ke8 39. Qh8+ Qf8 40. Qxf8+ Kxf8
41. Rc1 Ke8 42. Kf2 Kd7 43. c6+ Kc7 44. Re1 Rxe1 45. Kxe1 Kxc6= 46. Ke2 f5 47. Ke3 Kd5 48. Kf4 Ke6 49. Kg5 Ke5 50. Kh4 Kf6
51. h3 gxh3 52. Kxh3 Kg5 53. Kg2 Kg4 54. Kf2 Kg5 55. Kf3 Kf6 56. Kf4 Kg6 57. Kf3=
1/2-1/2

[Event "At the Circus - 1400-1800"]
[Site "SchemingMind.com"]
[Date "2006.12.19"]
[Round "-"]
[White "carlospb"]
[Black "erikbrynolfson"]
[Result "0-1"]
[WhiteCountry "ARG"]
[BlackCountry "USA"]
[WhiteElo "1555"]
[WhiteRD "78"]
[BlackElo "1667"]
[BlackRD "58"]
[GameID "82766"]

1. e4 e6 2. d4 d5 3. Bb5+ Bd7 4. Bxd7+ Nxd7 5. exd5 exd5 6. Nf3 Ngf6 7. O-O Be7 8. Bg5 h6 9. Bxf6 Nxf6 10. Nc3 O-O
11. a3 b6 12. b4 c5 13. dxc5 bxc5 14. Ne5 Qd6 15. Re1 cxb4 16. Nb5 Qc5 17. a4 a5 18. Nd4 Bd6 19. Nb3 Qc7 20. Ng4 Nxg4
21. Qxg4 Bxh2+ 22. Kf1 Qxc2 23. Nd4 Qc4+ 24. Qe2 Qxd4 25. g3 Qc4 26. Kg2 Qxe2 27. Rxe2 Bxg3 28. fxg3 Rfd8 29. Rd2 Rac8 30. Kf3 Rc3+
31. Kf4 Rc4+ 32. Ke5 Re4+ 33. Kf5 g6+
0-1

[Event "At the Circus - 1400-1800"]
[Site "SchemingMind.com"]
[Date "2006.12.23"]
[Round "-"]
[White "Jack Gardner"]
[Black "carlospb"]
[Result "1-0"]
[WhiteCountry "USA"]
[BlackCountry "ARG"]
[WhiteElo "1711"]
[WhiteRD "78"]
[BlackElo "1555"]
[BlackRD "78"]
[GameID "82767"]

1. e4 e5 2. Nf3 Nc6 3. Bb5 d6 4. d4 f6 5. d5 a6 6. Bxc6+ bxc6 7. dxc6 Ne7 8. Nc3 Nxc6 9. Nd5 Ne7 10. O-O Nxd5
11. Qxd5 Rb8 12. Re1 Qe7 13. b3 Be6 14. Qc6+ Qd7 15. Qxa6 Be7 16. Be3 O-O 17. a4 f5 18. Ng5 f4 19. Nxe6 Qxe6 20. Bd2 f3
21. Qc4 Qxc4 22. bxc4 g5 23. Reb1 g4 24. g3 d5 25. cxd5 Ra8 26. Bb4 Bd6 27. Bxd6 cxd6 28. Rb6 Rfd8 29. c4 Ra5 30. Rb5 Rda8
31. Rxa5 Rxa5 32. h3 h5 33. h4 Kf7 34. Kf1 Ke7 35. Ke1 Kd7 36. Kd2 Kc7 37. Kc3 Kb6 38. Kb4 Ka6 39. Rb1 Kb6 40. Ka3+ Ka7
41. Rb5 Ra6 42. c5 dxc5 43. Rxc5 Kb7 44. Kb4 Ka7 45. a5 Kb7 46. Rc6 Rxc6 47. dxc6+ Kxc6 48. Kc4 Kb7 49. Kd5 Ka6 50. Kxe5 Kxa5
51. Kd6 Kb6 52. e5 Kb7 53. Kd7 Ka8 54. e6 Kb8 55. Kc6 Kc8 56. e7 Kb8 57. e8=Q+ Ka7 58. Qd8 Ka6 59. Qa8#
1-0

[Event "At the Circus - 1400-1800"]
[Site "SchemingMind.com"]
[Date "2006.12.23"]
[Round "-"]
[White "knightrider"]
[Black "carlospb"]
[Result "0-1"]
[WhiteCountry "USA"]
[BlackCountry "ARG"]
[WhiteElo "1502"]
[WhiteRD "61"]
[BlackElo "1555"]
[BlackRD "78"]
[GameID "82768"]

1. e4 e5 2. Nf3 Nc6 3. Bb5 Nge7 4. Nc3 f6 5. d3 a6 6. Bc4 b5 7. Bb3 Na5 8. Ng5 fxg5 9. Bxg5 Nxb3 10. cxb3 c6
11. Qf3 h6 12. Be3 Ng8 13. O-O Bb4 14. Ne2 Nf6 15. a3 Be7 16. Rac1 O-O 17. d4 d6 18. h3 Nd5 19. Qh5 Nxe3 20. fxe3 Be6
21. b4 Bf7 22. Qg4 Qc8 23. d5 Qxg4 24. hxg4 cxd5 25. Nc3 Bg5 26. Rce1 d4 27. exd4 exd4 28. Nd5 Bxd5 29. Rxf8+ Rxf8 30. exd5 Be3+
31. Kh1 Rf4 32. g5 Rh4#
0-1

[Event "At the Circus - 1400-1800"]
[Site "SchemingMind.com"]
[Date "2006.12.23"]
[Round "-"]
[White "erikbrynolfson"]
[Black "carlospb"]
[Result "1-0"]
[WhiteCountry "USA"]
[BlackCountry "ARG"]
[WhiteElo "1667"]
[WhiteRD "58"]
[BlackElo "1555"]
[BlackRD "78"]
[GameID "82769"]

1. e4 e5 2. Nf3 d6 3. Bc4 h6 4. c3 Be6 5. Bxe6 fxe6 6. d4 exd4 7. cxd4 Nf6 8. Nc3 d5 9. exd5 Nxd5 10. O-O Nxc3
11. bxc3 Bd6 12. Qb3 Qc8 13. Re1 O-O 14. Rxe6 Nc6 15. Re8+ Kh8 16. Rxc8 Raxc8 17. Ba3 Na5 18. Qa4 b6 19. Bxd6 cxd6 20. Qd7 Rxc3
21. Qxd6 Rfc8 22. h3 Nc4 23. Qd7 Na3 24. Qxa7 b5 25. Nh4 Kh7 26. Qf7 R8c6 27. Nf5 Rc7 28. Qh5 Kh8 29. Re1 Kh7 30. Re7 Rxe7
31. Nxe7 Rc1+ 32. Kh2 Re1 33. Qg6+ Kh8 34. Qe8+
1-0

[Event "At the Circus - 1400-1800"]
[Site "SchemingMind.com"]
[Date "2006.12.23"]
[Round "-"]
[White "Dr_Pat"]
[Black "carlospb"]
[Result "0-1"]
[WhiteCountry "USA"]
[BlackCountry "ARG"]
[WhiteElo "1519"]
[WhiteRD "49"]
[BlackElo "1555"]
[BlackRD "78"]
[GameID "82787"]

1. e4 e5 2. Nf3 Nc6 3. d4 Nf6 4. d5 Nd4 5. Nxd4 exd4 6. Qxd4 d6 7. Bb5+ Bd7 8. Bxd7+ Qxd7 9. O-O Be7 10. Nc3 O-O
11. Bg5 Ng4 12. Bxe7 Qxe7 13. h3 Qe5 14. Qxe5 Nxe5 15. f4 Nc4 16. b3 Ne3 17. Rfc1 f5 18. e5 dxe5 19. fxe5 f4 20. e6 Rae8
21. Nb5 Nxd5 22. Re1 a6 23. Nd4 c5 24. Nf3 Ne3 25. Rac1 Rxe6 26. Ng5 Rg6 27. Ne4 Rxg2+ 28. Kh1 Rf5 29. Nd6 Rfg5 30. Nxb7 R5g3
0-1

[Event "At the Circus - 1400-1800"]
[Site "SchemingMind.com"]
[Date "2006.12.19"]
[Round "-"]
[White "Dr_Pat"]
[Black "knightrider"]
[Result "1-0"]
[WhiteCountry "USA"]
[BlackCountry "USA"]
[WhiteElo "1493"]
[WhiteRD "49"]
[BlackElo "1481"]
[BlackRD "59"]
[GameID "82789"]

1. e4 c5 2. Nf3 Nc6 3. d4 cxd4 4. Nxd4 e6 5. Be3 Nf6 6. Bd3 Bc5 7. Nxc6 bxc6 8. Bxc5 d6 9. Be3 h6 10. O-O e5
11. Nd2 Be6 12. a4 O-O 13. f4 Ng4 14. Qe2 Qh4 15. h3 Nxe3 16. Qxe3 f5 17. Nf3 Qg3 18. fxe5 f4 19. Qd4 c5 20. Qxd6 Bxh3
21. Ne1 f3 22. Rxf3 Rxf3 23. Qd5+ Kh7 24. e6 Bxg2 25. e5+ Rxd3 26. Qxd3+ Be4+ 27. Qxg3 Rf8 28. c3 Re8 29. Qg4 Bg6 30. Ng2 h5
31. Qg5
1-0

[Event "At the Circus - 1400-1800"]
[Site "SchemingMind.com"]
[Date "2006.12.19"]
[Round "-"]
[White "Dr_Pat"]
[Black "erikbrynolfson"]
[Result "0-1"]
[WhiteCountry "USA"]
[BlackCountry "USA"]
[WhiteElo "1493"]
[WhiteRD "49"]
[BlackElo "1695"]
[BlackRD "60"]
[GameID "82790"]

1. e4 e6 2. d4 d5 3. e5 c5 4. Nf3 Nc6 5. c3 Qb6 6. Be2 Bd7 7. O-O Nge7 8. Nbd2 cxd4 9. cxd4 Nxd4 10. Nxd4 Qxd4
11. Nf3 Qxd1 12. Rxd1 Nc6 13. Be3 Be7 14. Bd3 O-O 15. Ng5 Bxg5 16. Bxg5 Nxe5 17. Bf4 Nxd3 18. Rxd3 Rac8 19. h4 Rc2 20. Bd6 Rfc8
21. b3 Rc1+ 22. Rxc1 Rxc1+ 23. Kh2 Rc2 24. a4 Rxf2
0-1

[Event "At the Circus - 1400-1800"]
[Site "SchemingMind.com"]
[Date "2006.12.23"]
[Round "-"]
[White "carlospb"]
[Black "Dr_Pat"]
[Result "1-0"]
[WhiteCountry "ARG"]
[BlackCountry "USA"]
[WhiteElo "1581"]
[WhiteRD "94"]
[BlackElo "1493"]
[BlackRD "49"]
[GameID "82791"]

1. b3 e5 2. Bb2 Nc6 3. Nf3 Nf6 4. Nxe5 Nxe5 5. Bxe5 Be7 6. e3 d6 7. Bb2 O-O 8. Bd3 Be6 9. Nc3 a6 10. Qe2 b5
11. Ne4 c5 12. Ng5 g6 13. Nxe6 fxe6 14. O-O Qd7 15. c4 b4 16. e4 a5 17. e5 dxe5 18. Bxe5 a4 19. Bc2 a3 20. Rad1 Bd6
21. d4 Bxe5 22. dxe5
1-0

[Event "At the Circus - 1400-1800"]
[Site "SchemingMind.com"]
[Date "2006.12.19"]
[Round "-"]
[White "knightrider"]
[Black "Dr_Pat"]
[Result "0-1"]
[WhiteCountry "USA"]
[BlackCountry "USA"]
[WhiteElo "1481"]
[WhiteRD "59"]
[BlackElo "1493"]
[BlackRD "49"]
[GameID "82793"]

1. e4 e5 2. Nf3 Nc6 3. d4 exd4 4. c3 Nf6 5. e5 Nd5 6. Qb3 Nb6 7. cxd4 d6 8. d5 Ne7 9. Nc3 Ng6 10. Bb5+ Bd7
11. Bg5 Be7 12. Ne4 a6 13. Bd3 Nxe5 14. O-O Nxf3+ 15. gxf3 Bxg5 16. Rfe1 O-O 17. Nxg5 Qxg5+ 18. Kh1 Bh3 19. Rg1 Qf4 20. Rg3 Rfe8
21. Rxh3 Qd2 22. Bxh7+ Kh8 23. Rg1 Qxf2 24. Be4+ Kg8 25. Qc3 f6 26. Rxg7+ Kxg7 27. Rh7+ Kg8 28. Qc1 f5 29. Rh3 fxe4 30. Rg3+ Kh7
31. Qf4 Qxg3 32. Qxg3 exf3 33. Qxf3 Re1+ 34. Kg2 Rae8 35. Qf7+ Kh6 36. Qxc7 R8e2+ 37. Kf3 Re3+ 38. Kg4 Rg1+ 39. Kf5 Rf3+ 40. Ke4 Rf4+
41. Ke3 Nxd5+
0-1

[Event "At the Circus - 1400-1800"]
[Site "SchemingMind.com"]
[Date "2006.12.19"]
[Round "-"]
[White "erikbrynolfson"]
[Black "Dr_Pat"]
[Result "1-0"]
[WhiteCountry "USA"]
[BlackCountry "USA"]
[WhiteElo "1683"]
[WhiteRD "64"]
[BlackElo "1495"]
[BlackRD "56"]
[GameID "82794"]

1. e4 e5 2. Nf3 Nc6 3. Bb5 a6 4. Ba4 Nf6 5. d3 b5 6. Bb3 Bc5 7. O-O Bb7 8. Bg5 O-O 9. Nbd2 d6 10. Bd5 h6
11. Bh4 g5 12. Bxg5 hxg5 13. Nxg5 Nxd5 14. exd5 Nb4 15. Qh5
1-0

[Event "At the Circus - 1400-1800"]
[Site "SchemingMind.com"]
[Date "2006.12.23"]
[Round "-"]
[White "Zugzwang"]
[Black "carlospb"]
[Result "1-0"]
[WhiteCountry "CAN"]
[BlackCountry "ARG"]
[WhiteElo "1446"]
[WhiteRD "58"]
[BlackElo "1555"]
[BlackRD "78"]
[GameID "82854"]

1. d4 Nf6 2. Nf3 d5 3. e3 Bg4 4. c4 c6 5. Qb3 Qd7 6. Ne5 Qe6 7. Qxb7 Na6 8. Qxa8+ Qc8 9. Qxc8+ Bxc8 10. Nxc6 dxc4
11. Bxc4 e6 12. O-O Nb4 13. Nxb4 Bxb4 14. a3 Bd6 15. h3 O-O 16. Nc3 e5 17. b4 exd4 18. exd4 Nd7 19. Ne4 Bc7 20. Bb2 Bb7
21. Rac1 Bf4 22. Rce1 Nb6 23. Bb3 Ba6 24. g3 Bb8 25. Ng5 Bxf1 26. Rxf1 Nd7 27. Rd1 h6 28. Ne4 Kh8 29. d5 f5 30. Nd2 Bd6
31. Nc4 Bb8 32. d6 f4 33. Ne5 Rd8 34. Nf7+
1-0

[Event "At the Circus - 1400-1800"]
[Site "SchemingMind.com"]
[Date "2006.12.19"]
[Round "-"]
[White "Zugzwang"]
[Black "Jack Gardner"]
[Result "0-1"]
[WhiteCountry "CAN"]
[BlackCountry "USA"]
[WhiteElo "1490"]
[WhiteRD "61"]
[BlackElo "1706"]
[BlackRD "70"]
[GameID "82855"]

1. d4 d5 2. Nf3 Nf6 3. e3 Bg4 4. c4 e6 5. Qb3 Bxf3 6. gxf3 b6 7. cxd5 Qxd5 8. Qxd5 Nxd5 9. Bg2 c5 10. f4 cxd4
11. exd4 Nd7 12. O-O N7f6 13. Nc3 Rd8 14. a3 Be7 15. Bd2 O-O 16. Kh1 Nc7 17. Be3 Nfd5 18. Rad1 b5 19. Rg1 b4 20. axb4 Bxb4
21. Nxd5 Nxd5 22. Bxd5 exd5 23. f5 f6 24. h4 Kf7 25. Kg2 h5 26. Kf3 Rc8 27. Rd3 Rc2 28. Rb3 a5 29. Rd1 Re8 30. Rdd3 Re4
31. Bf4 Ree2 32. Kg3 Rxb2 33. Rxb2 Rxb2 34. Bc1 Rc2 35. Bf4 Rc8 36. Rb3 Ra8 37. Bc1 Bd6+ 38. Kf3 a4 39. Rb7+ Kf8 40. Rd7 Ra6
41. Ke3 a3 42. Rxd6 Rxd6 43. Bxa3 Ke7 44. Bxd6+ Kxd6 45. f4 Kc6 46. Kd3 Kb5 47. Kc3 Ka4 48. Kc2 Kb4 49. Kd3 Kb3 50. Ke2 Kc4
51. Ke3 Kc3 52. Ke2 Kxd4
0-1

[Event "At the Circus - 1400-1800"]
[Site "SchemingMind.com"]
[Date "2006.12.19"]
[Round "-"]
[White "Zugzwang"]
[Black "Dr_Pat"]
[Result "0-1"]
[WhiteCountry "CAN"]
[BlackCountry "USA"]
[WhiteElo "1485"]
[WhiteRD "58"]
[BlackElo "1493"]
[BlackRD "49"]
[GameID "82856"]

1. d4 Nf6 2. Nf3 d5 3. e3 Bf5 4. c4 e6 5. Qb3 b6 6. cxd5 exd5 7. Ne5 Bd6 8. Bb5+ Bd7 9. O-O O-O 10. Nxd7 Nbxd7
11. h3 c5 12. Nd2 c4 13. Qa4 Qc7 14. Nf3 h6 15. Re1 Nb8 16. Rb1 a6 17. Bd2 Ra7 18. Rbc1 axb5 19. Qxb5 Ne4 20. Qxd5 Nxd2
21. Nxd2 Bb4 22. Re2 Bxd2 23. Rxd2 Rxa2 24. Qxc4 Qxc4 25. Rxc4 Nd7 26. Rc7 Nf6 27. d5 Rd8 28. d6 Ne4 29. Rd4 Nxd6 30. Rb4 b5
31. Rc5 Ra4 32. Rxa4 bxa4 33. Ra5 Nc4 34. Rxa4 Nxb2 35. Rd4 Rxd4 36. exd4 Kf8 37. Kf1 Nc4 38. Ke2 Ke7 39. Kd3 Nd6 40. d5 f6
41. f4 g6 42. g4 f5 43. gxf5 Nxf5 44. Kc4 Kd6 45. Kd3 Kxd5 46. Ke2 Ke4 47. Kf2 Kxf4 48. Kg2 h5 49. Kh2 Kf3 50. h4 Kg4
51. Kh1 Kxh4
0-1

[Event "At the Circus - 1400-1800"]
[Site "SchemingMind.com"]
[Date "2006.12.19"]
[Round "-"]
[White "Zugzwang"]
[Black "knightrider"]
[Result "0-1"]
[WhiteCountry "CAN"]
[BlackCountry "USA"]
[WhiteElo "1485"]
[WhiteRD "58"]
[BlackElo "1481"]
[BlackRD "59"]
[GameID "82857"]

1. d4 d5 2. Nf3 Nf6 3. e3 e6 4. Bd3 c5 5. c3 Nc6 6. O-O Bd6 7. Nbd2 O-O 8. Qe2 e5 9. dxc5 Bxc5 10. e4 d4
11. Nb3 Be7 12. cxd4 exd4 13. e5 Nd5 14. Qe4 f5 15. exf6 Nxf6 16. Qxd4 Nxd4 17. Nbxd4 Bc5 18. Bc4+ Kh8 19. Nb3 b6 20. Bg5 Bb7
21. Rad1 Qc7 22. Rfe1 Rae8 23. Nxc5 Rxe1+ 24. Rxe1 Qxc5 25. Ne5 Nd7 26. Nxd7 Qxf2+
0-1

[Event "At the Circus - 1400-1800"]
[Site "SchemingMind.com"]
[Date "2006.12.19"]
[Round "-"]
[White "Zugzwang"]
[Black "erikbrynolfson"]
[Result "0-1"]
[WhiteCountry "CAN"]
[BlackCountry "USA"]
[WhiteElo "1485"]
[WhiteRD "58"]
[BlackElo "1695"]
[BlackRD "60"]
[GameID "82858"]

1. d4 Nf6 2. Nf3 g6 3. e3 d6 4. Be2 Bg7 5. b3 O-O 6. Bb2 Bg4 7. h3 Bxf3 8. Bxf3 c6 9. O-O Nbd7 10. c4 d5
11. Nd2 a5 12. Re1 a4 13. bxa4 Nb6 14. c5 Nxa4 15. Rb1 Nxb2 16. Rxb2 Qc7 17. Qb3 Rfb8 18. Nf1 Nd7 19. Ng3 b6 20. e4 Bxd4
21. Rd2 Nxc5 22. Qc2 Ra4 23. Ne2 Bg7 24. exd5 cxd5 25. Rxd5 e6 26. Rg5 Qe7 27. Rxc5 Rxa2 28. Qxa2 Qxc5 29. Rd1 b5 30. Rd3 b4
31. Nf4 Qc1+ 32. Rd1 Qxf4 33. Re1 b3 34. Qb2 Bxb2
0-1

[Event "At the Circus - 1400-1800"]
[Site "SchemingMind.com"]
[Date "2006.12.23"]
[Round "-"]
[White "carlospb"]
[Black "Zugzwang"]
[Result "1-0"]
[WhiteCountry "ARG"]
[BlackCountry "CAN"]
[WhiteElo "1555"]
[WhiteRD "78"]
[BlackElo "1446"]
[BlackRD "58"]
[GameID "82859"]

1. g3 g6 2. Bg2 Bg7 3. Nf3 e5 4. d3 Nc6 5. O-O Nf6 6. Bg5 O-O 7. Nc3 Qe8 8. e4 d6 9. Nd5 Nxd5 10. exd5 Nb4
11. c4 Bg4 12. Qd2 f5 13. Qxb4 b6 14. Qd2 f4 15. gxf4 Bxf3 16. Bxf3 exf4 17. Bxf4 g5 18. Bxg5 Rxf3 19. Rae1 Qg6 20. Re6 Qh5
21. Bh6 Qg4+ 22. Kh1 c6 23. Bxg7 Kf7 24. Rg1 Qh3 25. Qg5 Rxf2 26. Rf6+ Rxf6 27. Qxf6+
1-0

[Event "At the Circus - 1400-1800"]
[Site "SchemingMind.com"]
[Date "2006.12.19"]
[Round "-"]
[White "Jack Gardner"]
[Black "Zugzwang"]
[Result "1-0"]
[WhiteCountry "USA"]
[BlackCountry "CAN"]
[WhiteElo "1706"]
[WhiteRD "70"]
[BlackElo "1490"]
[BlackRD "61"]
[GameID "82860"]

1. e4 e5 2. Nf3 Nf6 3. Nxe5 d6 4. Nf3 Nxe4 5. Qe2 d5 6. d3 Bf5 7. dxe4 dxe4 8. g3 Be7 9. Nfd2 O-O 10. Nxe4 Re8
11. Bg2 Nc6 12. O-O Nd4 13. Qd3 Bc5 14. Nbc3 h6 15. Rd1 Rc8 16. Qc4 a6 17. Qxc5
1-0

[Event "At the Circus - 1400-1800"]
[Site "SchemingMind.com"]
[Date "2006.12.19"]
[Round "-"]
[White "Dr_Pat"]
[Black "Zugzwang"]
[Result "1-0"]
[WhiteCountry "USA"]
[BlackCountry "CAN"]
[WhiteElo "1493"]
[WhiteRD "49"]
[BlackElo "1485"]
[BlackRD "58"]
[GameID "82861"]

1. e4 e5 2. Nf3 Nf6 3. Nxe5 d6 4. Nf3 Nxe4 5. d4 Qe7 6. Be3 Bg4 7. Bd3 Nc6 8. Nbd2 Nxd2 9. Qxd2 Bxf3 10. gxf3 Nxd4
11. O-O-O Nc6 12. Rde1 O-O-O 13. Bf5+ Rd7 14. Bxd7+ Qxd7 15. Kb1 d5 16. a3 a6 17. h4 Ne5 18. Qe2 Nc4 19. Bg5 Bc5 20. Rhg1 Qb5
21. b3 Bxa3 22. Be7 Re8 23. Rxg7 Rxe7 24. Qd1 Nb2 25. Rg8+ Kd7 26. Rxe7+ Kxe7 27. Qe1+ Kd6 28. Rd8+ Kc6 29. Qc3+ Qc5 30. Qf6+ Kb5
31. Qxf7 Nd1 32. Qd7+ Qc6 33. Qxd5+ Qxd5 34. Rxd5+ Kb4 35. Rxd1 h5 36. Rd7 b5 37. Rxc7 a5 38. f4 a4 39. bxa4 Kxa4 40. Ra7+ Kb4
41. f5 Kc3 42. Rxa3+
1-0

[Event "At the Circus - 1400-1800"]
[Site "SchemingMind.com"]
[Date "2006.12.19"]
[Round "-"]
[White "knightrider"]
[Black "Zugzwang"]
[Result "0-1"]
[WhiteCountry "USA"]
[BlackCountry "CAN"]
[WhiteElo "1481"]
[WhiteRD "59"]
[BlackElo "1485"]
[BlackRD "58"]
[GameID "82862"]

1. e4 e5 2. Nf3 Nf6 3. Nxe5 d6 4. Nf3 Nxe4 5. Qe2 Qe7 6. d3 Nf6 7. Be3 Bg4 8. d4 Nc6 9. Qb5 Rb8 10. Be2 a6
11. Qd3 Nb4 12. Qd2 d5 13. c3 Ne4 14. Bg5 f6 15. Qd1 fxg5 16. cxb4 Qxb4+ 17. Nfd2 Bxe2 18. Qxe2 Qxb2 19. Nxe4 Qxe2+ 20. Kxe2 dxe4
21. Nc3 Bb4 22. Nxe4 O-O 23. Nxg5 Rbe8+ 24. Kd1 Rxf2 25. Nh3 Rd2+ 26. Kc1 Ree2 27. Rb1 Ba3+ 28. Rb2 Rxb2 29. Rf1 Rxa2+ 30. Kb1 Reb2+
0-1

[Event "At the Circus - 1400-1800"]
[Site "SchemingMind.com"]
[Date "2006.12.19"]
[Round "-"]
[White "erikbrynolfson"]
[Black "Zugzwang"]
[Result "1-0"]
[WhiteCountry "USA"]
[BlackCountry "CAN"]
[WhiteElo "1695"]
[WhiteRD "60"]
[BlackElo "1485"]
[BlackRD "58"]
[GameID "82863"]

1. c4 c5 2. Nc3 Nc6 3. g3 g6 4. Bg2 Bg7 5. Nf3 Nf6 6. O-O d5 7. cxd5 Nxd5 8. Nxd5 e6 9. Nc3 O-O 10. d3 a6
11. Bg5 Qb6 12. Qc1 Bd7 13. Rb1 Rac8 14. Bh6 Nd4 15. Bxg7 Kxg7 16. Qd2 Qd6 17. Nxd4 cxd4 18. Ne4 Qb6 19. Qf4 Bc6 20. Qf6+ Kg8
21. Qh4 Bxe4 22. Qxe4 Rc2 23. Qxb7 Qxb7 24. Bxb7 a5 25. Rfe1 Rb8 26. Ba6 Rbxb2 27. Rxb2 Rxb2 28. Bc4 a4 29. e3 e5 30. exd4 Rb6
31. Rxe5 Kg7 32. Re7 Rf6 33. d5 h5 34. d6 Rxd6 35. Rxf7+ Kh6 36. Ra7
1-0